| 000 | 01031cam a2200205 4500 | ||
|---|---|---|---|
| 001 | X105817 | ||
| 008 | 000000n2000 000 0 eng u | ||
| 035 | _a(Sirsi) u105817 | ||
| 245 | _aTown and country planning: environmental impact assessment | ||
| 260 | _c2000 | ||
| 490 |
_aEstates Gazette Case Summaries _v[2000] EGCS 51(1) |
||
| 520 | _aQBD 3 April 2000. "R v Bromley LBC and another ex p Barker". The planning authority granted outline permission for a leisure development and the applicant challenged the decision to approve reserved matters. The question arose as to whether the planning authority had erred in failing to require an environmental assessment at reserved matters stage. "Held" application dismissed. | ||
| 650 | _aENVIRONMENTAL IMPACT ASSESSMENTS | ||
| 650 | _aLEISURE DEVELOPMENT | ||
| 650 | _aOUTLINE PLANNING PERMISSION | ||
| 650 | _aRESERVED MATTERS | ||
| 650 | _aR V BROMLEY LBC AND ANOTHER EX P BARKER | ||
| 690 | _aENVIRONMENTAL AND LAND CONSULTANCY-PLANNING AND DEVELOPMENT | ||
| 942 | _n0 | ||
| 999 |
_c63364 _d63364 |
||